Methods for testing tar and bituminous materials: Determination of specific gravity. (First Revision) (Record no. 73454)

MARC details
000 -LEADER
fixed length control field 00435nam a2200133Ia 4500
245 #0 - TITLE STATEMENT
Title Methods for testing tar and bituminous materials: Determination of specific gravity. (First Revision)
260 ## - PUBLICATION, DISTRIBUTION, ETC. (IMPRINT)
Place of publication New Delhi
260 ## - PUBLICATION, DISTRIBUTION, ETC. (IMPRINT)
Year of publication 1978
Name of publisher ISI
490 ## - SERIES STATEMENT
Series statement Bitumen& Tar Products Sectional Committee, BCDC 2
500 ## - GENERAL NOTE
General note Standard number: IS 1202
650 ## - SUBJECT ADDED ENTRY--TOPICAL TERM
Topical Term Rubber bitumen
942 ## - ADDED ENTRY ELEMENTS (KOHA)
Koha item type Standards
Holdings
Withdrawn status Lost status Damaged status Not for loan Home library Current library Date acquired Koha item type
      Standards RRII Library RRII Library 31/12/2021 Standards